Tribute from Royal Thimphu College / (Record no. 4236)
[ view plain ]
| 000 -LEADER | |
|---|---|
| fixed length control field | 00586nam a2200181 4500 |
| 001 - CONTROL NUMBER | |
| control field | 5069 |
| 005 - DATE AND TIME OF LATEST TRANSACTION | |
| control field | 20181127174716.0 |
| 020 ## - INTERNATIONAL STANDARD BOOK NUMBER | |
| International Standard Book Number | 9789993671107 |
| Terms of availability | |
| Canceled/invalid ISBN | |
| 090 00 - LOCALLY ASSIGNED LC-TYPE CALL NUMBER (OCLC); LOCAL CALL NUMBER (RLIN) | |
| Classification number (OCLC) (R) ; Classification number, CALL (RLIN) (NR) | 954.98092 K521tr 2015 |
| 245 00 - TITLE STATEMENT | |
| Title | Tribute from Royal Thimphu College / |
| Remainder of title | |
| Statement of responsibility, etc. | Royal Thimphu College. |
| Medium | |
| 250 00 - EDITION STATEMENT | |
| Edition statement | 1st ed. |
| 260 00 - PUBLICATION, DISTRIBUTION, ETC. | |
| Place of publication, distribution, etc. | Thimphu : |
| Name of publisher, distributor, etc. | Royal Thimphu College, |
| Date of publication, distribution, etc. | 2015. |
| 300 00 - PHYSICAL DESCRIPTION | |
| Extent | 95 p. : col. ill. ; 24 cm. |
| 500 00 - GENERAL NOTE | |
| General note | 11 November 2015(60th Birth anniversary). |
| 650 00 - SUBJECT ADDED ENTRY--TOPICAL TERM | |
| Topical term or geographic name entry element | Bhutan --Kings and rulers. |
| General subdivision | |
| Topical term or geographic name entry element | Jigme Singye Wangchuck, King of Bhutan, 1955. |
| General subdivision | |
| Withdrawn status | Lost status | Source of classification or shelving scheme | Damaged status | Not for loan | Collection code | Home library | Current library | Shelving location | Serial Enumeration / chronology | Inventory number | Total Checkouts | Full call number | Barcode | Date last seen | Copy number | Price effective from | Koha item type | Date acquired |
|---|---|---|---|---|---|---|---|---|---|---|---|---|---|---|---|---|---|---|
| Dewey Decimal Classification | Special collections | RTC Library | RTC Library | Special collections | 8299 | 954.98 TRI | 30009557 | 27/11/2018 | 4 | 27/11/2018 | Special Collections | |||||||
| Dewey Decimal Classification | Main TEST | RTC Library | RTC Library | Main opac | 8298 | 954.98 TRI | 30009652 | 27/11/2018 | 1 | 27/11/2018 | Main | |||||||
| Dewey Decimal Classification | Main TEST | RTC Library | RTC Library | Main opac | 8297 | 954.98 TRI | 30009617 | 27/11/2018 | 2 | 27/11/2018 | Main | |||||||
| Dewey Decimal Classification | Main TEST | RTC Library | RTC Library | Main opac | 8296 | 954.98 TRI | 30009627 | 27/11/2018 | 5 | 27/11/2018 | Main | |||||||
| Dewey Decimal Classification | Main TEST | RTC Library | RTC Library | Main opac | 8295 | 954.98 TRI | 30009653 | 27/11/2018 | 3 | 27/11/2018 | Main | |||||||
| Dewey Decimal Classification | Main TEST | RTC Library | RTC Library | Main opac | 13676 | 954.98 TRI | 30011525 | 18/04/2019 | 18/04/2019 | Main | 18/04/2019 |